[Event "Campeonato de Europa 2011 Femenino"]
[Site "Tbilisi GEO"]
[Date "2011.05.16"]
[Round "9.7"]
[White "Ovod, Evgenija"]
[Black "Muzychuk, Anna"]
[Result "1/2-1/2"]
[WhiteElo "2404"]
[BlackElo "2537"]
[PlyCount "71"]
[EventDate "2011.05.07"]
[EventType "swiss"]
[EventRounds "11"]
[EventCountry "GEO"]
[Source "lmi"]
[SourceDate "2011.05.07"]

1. d4 Nf6 2. c4 e6 3. Nc3 Bb4 4. e3 O-O 5. Bd3 c5 6. Nf3 d5 7. O-O dxc4 8. Bxc4
Nbd7 9. a3 cxd4 10. exd4 Bxc3 11. bxc3 Qc7 12. Qe2 b6 13. Bd2 Bb7 14. Bd3 Rfe8
15. Rfe1 Rac8 16. a4 Qd6 17. a5 Qd5 18. axb6 axb6 19. c4 Qh5 20. Ne5 Qxe2 21.
Rxe2 Ra8 22. Rxa8 Rxa8 23. Nxd7 Nxd7 24. Bb4 Ra4 25. Rb2 Ra1+ 26. Rb1 Rxb1+ 27.
Bxb1 Ba6 28. Bd3 Nb8 29. Bc3 Kf8 30. f4 Ke7 31. Kf2 g6 32. Ke3 Nc6 33. Kd2 Kd7
34. Bb2 Na7 35. Ba3 b5 36. cxb5 1/2-1/2

[Event "Campeonato de Europa 2011 Femenino"]
[Site "Tbilisi GEO"]
[Date "2011.05.16"]
[Round "9.8"]
[White "Batsiashvili, Nino"]
[Black "Khurtsidze, Nino"]
[Result "1/2-1/2"]
[WhiteElo "2399"]
[BlackElo "2436"]
[PlyCount "166"]
[EventDate "2011.05.07"]
[EventType "swiss"]
[EventRounds "11"]
[EventCountry "GEO"]
[Source "lmi"]
[SourceDate "2011.05.07"]

1. f4 d5 2. Nf3 g6 3. g3 Bg7 4. Bg2 Nf6 5. O-O c5 6. d3 Nc6 7. c3 Qc7 8. Na3
O-O 9. Qe1 b6 10. Nh4 e6 11. h3 Bb7 12. g4 d4 13. Bd2 Rfe8 14. Rc1 Qd7 15. Nc4
b5 16. Ne5 Nxe5 17. fxe5 Bxg2 18. Nxg2 Nd5 19. Qg3 Rac8 20. Nh4 Ne7 21. Nf3 Nc6
22. Bf4 dxc3 23. bxc3 b4 24. Rf2 bxc3 25. Rxc3 Nd4 26. Rc4 Nxf3+ 27. Qxf3 Rc7
28. Rf1 Qd5 29. Qe4 Qxe4 30. Rxe4 Rb8 31. Rc1 Rb2 32. a4 Bf8 33. Kf2 Rd7 34.
Kf3 h6 35. Rec4 Rd5 36. R1c3 g5 37. e4 Rd7 38. Be3 Rb4 39. Ke2 Rb2+ 40. Rc2 Rb3
41. R4c3 Rb4 42. Bxc5 Rxa4 43. Be3 Bg7 44. Rc8+ Kh7 45. R8c7 Rxc7 46. Rxc7 Ra2+
47. Kf3 Kg6 48. Rxa7 Rh2 49. d4 Rxh3+ 50. Kf2 h5 51. gxh5+ Rxh5 52. Ra1 Rh4 53.
Rg1 Bh6 54. d5 Rxe4 55. d6 Rxe5 56. Rd1 Bf8 57. d7 Be7 58. d8=Q Bxd8 59. Rxd8
f6 60. Rf8 Rb5 61. Rc8 Rb2+ 62. Kf3 Kf5 63. Bd4 Rb3+ 64. Bc3 Ra3 65. Rc5+ e5
66. Rc6 g4+ 67. Kg3 Kg5 68. Kf2 Ra2+ 69. Ke3 Kf5 70. Bb4 Ra7 71. Kf2 Rb7 72.
Ba5 Rb2+ 73. Kg3 Rb3+ 74. Kg2 Rd3 75. Bb4 Rd7 76. Kg3 Kg5 77. Rd6 Rb7 78. Bd2+
Kf5 79. Ba5 Rb3+ 80. Kg2 Rf3 81. Bd8 Kg5 82. Re6 Kg6 83. Bxf6 Rxf6 1/2-1/2

[Event "Campeonato de Europa 2011 Femenino"]
[Site "Tbilisi GEO"]
[Date "2011.05.16"]
[Round "9.11"]
[White "Galojan, Lilit"]
[Black "Muzychuk, Mariya"]
[Result "0-1"]
[WhiteElo "2377"]
[BlackElo "2473"]
[PlyCount "112"]
[EventDate "2011.05.07"]
[EventType "swiss"]
[EventRounds "11"]
[EventCountry "GEO"]
[Source "lmi"]
[SourceDate "2011.05.07"]

1. d4 f5 2. c4 Nf6 3. Nc3 d6 4. Bg5 Nbd7 5. Qc2 g6 6. h4 h6 7. Bxf6 Nxf6 8.
O-O-O Bg7 9. Nh3 Kf7 10. e4 fxe4 11. Nxe4 Bf5 12. Bd3 e6 13. f3 a6 14. Rhf1 d5
15. cxd5 Nxd5 16. g4 Ne3 17. Qb3 Nxd1 18. gxf5 gxf5 19. Nc5 Qd5 20. Rxd1 Bxd4
21. Nxb7 Qxf3 22. Rf1 Qxh3 23. Rxf5+ Kg7 24. Qxe6 Qe3+ 25. Qxe3 Bxe3+ 26. Kc2
Rhf8 27. Rd5 c6 28. Rd6 Rf6 29. Rd7+ Rf7 30. Rd8 Rxd8 31. Nxd8 Rf2+ 32. Kc3 c5
33. Bxa6 Bd4+ 34. Kd3 Rxb2 35. Bc4 Kf6 36. a4 Rb8 37. Nc6 Re8 38. Bd5 Bf2 39.
a5 Bxh4 40. Kc4 Bf2 41. a6 Re1 42. a7 Ra1 43. Na5 Rxa5 44. a8=Q Rxa8 45. Bxa8
Kg5 46. Bf3 h5 47. Kd3 h4 48. Ke2 Bd4 49. Bd5 Kf4 50. Kf1 Kg3 51. Be6 h3 52.
Bd5 h2 53. Ke2 c4 54. Bh1 c3 55. Bc6 Bb6 56. Bh1 Ba5 0-1

[Event "Campeonato de Europa 2011 Femenino"]
[Site "Tbilisi GEO"]
[Date "2011.05.16"]
[Round "9.12"]
[White "Mkrtchian, Lilit"]
[Black "Nemcova, Katerina"]
[Result "1/2-1/2"]
[WhiteElo "2468"]
[BlackElo "2294"]
[PlyCount "82"]
[EventDate "2011.05.07"]
[EventType "swiss"]
[EventRounds "11"]
[EventCountry "GEO"]
[Source "lmi"]
[SourceDate "2011.05.07"]

1. d4 Nf6 2. c4 b6 3. Nc3 Bb7 4. f3 d5 5. cxd5 Nxd5 6. e4 Nxc3 7. bxc3 e5 8.
Be3 exd4 9. cxd4 Bb4+ 10. Kf2 O-O 11. Bc4 Qf6 12. Rb1 a5 13. Qc2 Nd7 14. Ne2 c5
15. Bb5 Rad8 16. a3 Bxa3 17. Bxd7 Rxd7 18. Qa4 cxd4 19. Nxd4 Rfd8 20. Qxa3 Bxe4
21. Rbc1 Qh4+ 22. g3 Qf6 23. Qc3 b5 24. Kg2 b4 25. Qe1 Bb7 26. Rf1 Ba6 27. Rf2
Rxd4 28. Bxd4 Qxd4 29. Qe7 h6 30. Rc7 Rf8 31. Rd7 Qc4 32. Rd8 Rxd8 33. Qxd8+
Kh7 34. Qxa5 b3 35. Qf5+ g6 36. Qf6 Bb5 37. h4 h5 38. Rd2 Qf1+ 39. Kh2 Bc4 40.
Rd8 Qf2+ 41. Kh1 Qf1+ 1/2-1/2

[Event "Campeonato de Europa 2011 Femenino"]
[Site "Tbilisi GEO"]
[Date "2011.05.16"]
[Round "9.13"]
[White "Guramishvili, Sopiko"]
[Black "Hoang Thanh Trang"]
[Result "1/2-1/2"]
[WhiteElo "2299"]
[BlackElo "2456"]
[PlyCount "105"]
[EventDate "2011.05.07"]
[EventType "swiss"]
[EventRounds "11"]
[EventCountry "GEO"]
[Source "lmi"]
[SourceDate "2011.05.07"]

1. d4 e6 2. Nf3 f5 3. g3 b6 4. Bg2 Bb7 5. O-O Nf6 6. c4 Be7 7. Nc3 Ne4 8. Qc2
Nxc3 9. Qxc3 Bf6 10. Be3 O-O 11. Qd2 h6 12. d5 c5 13. Bf4 Re8 14. Bd6 Na6 15.
Rad1 Qc8 16. a3 Nc7 17. Rfe1 exd5 18. Bxc7 Qxc7 19. cxd5 d6 20. Qc2 Bc8 21. Nd2
Qf7 22. Nc4 Qf8 23. a4 Bd7 24. Bh3 g6 25. e4 Bd4 26. exf5 gxf5 27. Ne3 Re5 28.
Nc4 Ree8 29. b3 Qf6 30. Ne3 Bxe3 31. fxe3 Re5 32. Qf2 Rae8 33. Bg2 Qg5 34. Rd3
a6 35. h4 Qg4 36. Kh2 b5 37. axb5 axb5 38. Ra1 b4 39. Ra5 f4 40. gxf4 Rh5 41.
Kg1 Rxh4 42. e4 Qxf4 43. Rg3+ Kh8 44. Qxf4 Rxf4 45. Rg6 Rh4 46. Rxd6 Bh3 47.
Bxh3 Rxh3 48. Rxc5 Rxe4 49. Rc4 Rxc4 50. bxc4 Rc3 51. Rxh6+ Kg7 52. Rc6 Rc2 53.
Rb6 1/2-1/2

[Event "Campeonato de Europa 2011 Femenino"]
[Site "Tbilisi GEO"]
[Date "2011.05.16"]
[Round "9.14"]
[White "Pogonina, Natalija"]
[Black "Romanko, Marina"]
[Result "1/2-1/2"]
[WhiteElo "2448"]
[BlackElo "2387"]
[PlyCount "82"]
[EventDate "2011.05.07"]
[EventType "swiss"]
[EventRounds "11"]
[EventCountry "GEO"]
[Source "lmi"]
[SourceDate "2011.05.07"]

1. e4 c6 2. d4 d5 3. f3 e6 4. Nc3 Bb4 5. Bd2 Ne7 6. a3 Bxc3 7. Bxc3 b6 8. Nh3
Ba6 9. Bxa6 Nxa6 10. Qd3 Nb8 11. O-O Nd7 12. Rad1 O-O 13. Be1 Ng6 14. c4 Nf6
15. Bf2 Rb8 16. Be3 b5 17. cxd5 cxd5 18. Nf2 a6 19. Rc1 dxe4 20. fxe4 Rc8 21.
Rxc8 Qxc8 22. Rc1 Qd7 23. Rc5 Rc8 24. Qc3 Rxc5 25. dxc5 Qc7 26. Bd4 e5 27. Be3
h6 28. b4 Ne7 29. Bc1 Nc6 30. Bb2 Qd7 31. Qd3 Kf8 32. Qxd7 Nxd7 33. Kf1 Ke7 34.
Ke2 Ke6 35. g4 a5 36. Bc3 axb4 37. axb4 g6 38. Ke3 Ndb8 39. Kf3 Na6 40. Nd3 f6
41. Ke3 Kf7 1/2-1/2

[Event "Campeonato de Europa 2011 Femenino"]
[Site "Tbilisi GEO"]
[Date "2011.05.16"]
[Round "9.16"]
[White "Melia, Salome"]
[Black "Bulmaga, Irina"]
[Result "1/2-1/2"]
[WhiteElo "2444"]
[BlackElo "2284"]
[PlyCount "78"]
[EventDate "2011.05.07"]
[EventType "swiss"]
[EventRounds "11"]
[EventCountry "GEO"]
[Source "lmi"]
[SourceDate "2011.05.07"]

1. e4 c6 2. d4 d5 3. exd5 cxd5 4. c4 Nf6 5. Nc3 e6 6. Nf3 Bb4 7. cxd5 Nxd5 8.
Bd2 O-O 9. Bd3 Nc6 10. O-O Be7 11. Re1 Ndb4 12. Bf4 Nxd3 13. Qxd3 Nb4 14. Qe4
Re8 15. Be5 f5 16. Qe2 b6 17. Bg3 Bf6 18. Qd1 Bb7 19. Nb5 Bxf3 20. Qxf3 Nc2 21.
Nc7 Nxa1 22. Rxa1 Bxd4 23. Rd1 e5 24. Nxa8 f4 25. Bxf4 exf4 26. Kf1 Qd6 27. Nc7
Qxc7 28. Qd5+ Kh8 29. Qxd4 f3 30. Qd7 fxg2+ 31. Kxg2 Qe5 32. Qd4 Qg5+ 33. Kh1
h6 34. Rg1 Qe7 35. h3 Qe4+ 36. Qxe4 Rxe4 37. Kg2 Re2 38. Rb1 Kg8 39. a3 Kf7
1/2-1/2

[Event "Campeonato de Europa 2011 Femenino"]
[Site "Tbilisi GEO"]
[Date "2011.05.16"]
[Round "9.17"]
[White "Abdulla, Khayala Mardan qizi"]
[Black "Zhukova, Natalia"]
[Result "1-0"]
[WhiteElo "2168"]
[BlackElo "2428"]
[PlyCount "79"]
[EventDate "2011.05.07"]
[EventType "swiss"]
[EventRounds "11"]
[EventCountry "GEO"]
[Source "lmi"]
[SourceDate "2011.05.07"]

1. e4 e5 2. Nf3 Nc6 3. Bb5 Nf6 4. d3 Bc5 5. c3 O-O 6. O-O d6 7. Bg5 h6 8. Bh4
g5 9. Bg3 a6 10. Ba4 Ba7 11. Re1 Kg7 12. Nbd2 Nh7 13. Nf1 Ne7 14. d4 f5 15.
exf5 Nxf5 16. dxe5 Nxg3 17. Nxg3 Bg4 18. e6 Qe7 19. Qd3 Kh8 20. Nd4 Rf4 21. h3
Nf6 22. hxg4 Nxg4 23. Ngf5 Qf6 24. e7 Ne5 25. Qh3 b5 26. Qh5 bxa4 27. e8=Q+
Rxe8 28. Qxe8+ Kh7 29. Qe7+ Qxe7 30. Nxe7 g4 31. Nd5 Rf7 32. Ne3 h5 33. Rad1 h4
34. Re2 Kg6 35. b3 g3 36. fxg3 hxg3 37. Nc4 Ng4 38. Rd3 d5 39. Ne5+ Nxe5 40.
Rxe5 1-0

[Event "Campeonato de Europa 2011 Femenino"]
[Site "Tbilisi GEO"]
[Date "2011.05.16"]
[Round "9.18"]
[White "Foisor, Cristina-Adela"]
[Black "Kazimova, Narmin Nizami qizi"]
[Result "1-0"]
[WhiteElo "2414"]
[BlackElo "2262"]
[PlyCount "79"]
[EventDate "2011.05.07"]
[EventType "swiss"]
[EventRounds "11"]
[EventCountry "GEO"]
[Source "lmi"]
[SourceDate "2011.05.07"]

1. Nf3 Nf6 2. g3 e6 3. Bg2 d5 4. O-O Be7 5. d4 O-O 6. c4 dxc4 7. Qc2 a6 8. a4
Nbd7 9. Rd1 c5 10. Na3 Nd5 11. Nxc4 Qc7 12. e4 Nb4 13. Qe2 cxd4 14. Nxd4 Bf6
15. Be3 Nc6 16. Nxc6 bxc6 17. e5 Be7 18. a5 Bb7 19. Bb6 Nxb6 20. axb6 Qc8 21.
Na5 Bb4 22. Qe3 Bxa5 23. Rxa5 Rd8 24. Raa1 h6 25. Qc5 Rxd1+ 26. Rxd1 Qf8 27.
Qxf8+ Kxf8 28. Rd7 Rb8 29. Rc7 a5 30. Bxc6 Bxc6 31. Rxc6 Rb7 32. Kf1 Ke7 33.
Ke2 f6 34. f4 fxe5 35. fxe5 Rd7 36. Ke3 g6 37. Rc7 Kd8 38. Rxd7+ Kxd7 39. Kd4
Kc6 40. b7 1-0

[Event "Campeonato de Europa 2011 Femenino"]
[Site "Tbilisi GEO"]
[Date "2011.05.16"]
[Round "9.19"]
[White "Zawadzka, Jolanta"]
[Black "Isgandarova, Khayala Ilqar qizi"]
[Result "1-0"]
[WhiteElo "2400"]
[BlackElo "2143"]
[PlyCount "99"]
[EventDate "2011.05.07"]
[EventType "swiss"]
[EventRounds "11"]
[EventCountry "GEO"]
[Source "lmi"]
[SourceDate "2011.05.07"]

1. e4 e6 2. d4 d5 3. Nc3 Bb4 4. e5 c5 5. Bd2 Ne7 6. a3 Bxc3 7. Bxc3 cxd4 8.
Bxd4 Nbc6 9. f4 Nxd4 10. Qxd4 Nf5 11. Qf2 Qa5+ 12. b4 Qc7 13. Qd2 g5 14. Ne2
Bd7 15. g3 gxf4 16. gxf4 Rc8 17. Rc1 Qb6 18. Ng3 Nd4 19. Be2 Ba4 20. Bd1 Rxc2
21. Bxc2 Nf3+ 22. Ke2 Nxd2 23. Bxa4+ Ke7 24. Kxd2 Qd4+ 25. Ke2 Qxf4 26. Rc7+
Kd8 27. Rxb7 Qxe5+ 28. Kd3 Rg8 29. Rc1 Rxg3+ 30. hxg3 Qe4+ 31. Kd2 Qg2+ 32. Kd1
Qf3+ 33. Kc2 Qxa3 34. Bb3 Qa6 35. Rxf7 Qe2+ 36. Kb1 Qe4+ 37. Ka2 Qe2+ 38. Rc2
Qa6+ 39. Kb2 Qb6 40. Ka3 Qg1 41. Rcc7 Qa1+ 42. Ba2 a5 43. bxa5 Qe1 44. Rc2
Qxa5+ 45. Kb2 Qb4+ 46. Bb3 Qd4+ 47. Ka2 e5 48. Rxh7 Qb4 49. Ra7 e4 50. Ba4 1-0

[Event "Campeonato de Europa 2011 Femenino"]
[Site "Tbilisi GEO"]
[Date "2011.05.16"]
[Round "9.20"]
[White "Arabidze, Meri"]
[Black "Dzagnidze, Nana"]
[Result "1/2-1/2"]
[WhiteElo "2277"]
[BlackElo "2557"]
[PlyCount "80"]
[EventDate "2011.05.07"]
[EventType "swiss"]
[EventRounds "11"]
[EventCountry "GEO"]
[Source "lmi"]
[SourceDate "2011.05.07"]

1. d4 Nf6 2. c4 e6 3. Nf3 d5 4. Bg5 c6 5. e3 Nbd7 6. a3 Be7 7. Nc3 O-O 8. Rc1
Ne4 9. Bf4 Bd6 10. Bxd6 Nxd6 11. cxd5 exd5 12. Bd3 Nf6 13. Qc2 Qe7 14. O-O Nfe4
15. Bxe4 dxe4 16. Nd2 f5 17. Ne2 Be6 18. Qc5 Bf7 19. b3 g5 20. Qe5 Rae8 21.
Qxe7 Rxe7 22. Rc5 h6 23. Re5 Rd7 24. Rc1 Kg7 25. h3 Kg6 26. g4 fxg4 27. hxg4
Bd5 28. Ng3 Nf7 29. Rf5 Re8 30. Nc4 Rde7 31. Kg2 b6 32. Rh1 Bxc4 33. bxc4 Nd6
34. Rxh6+ Kxh6 35. Rf6+ Kh7 36. Rxd6 Re6 37. Rd7+ R8e7 38. Rd8 Re8 39. Rd7+
R6e7 40. Rd6 Re6 1/2-1/2

[Event "Campeonato de Europa 2011 Femenino"]
[Site "Tbilisi GEO"]
[Date "2011.05.16"]
[Round "9.22"]
[White "Gvetadze, Sopio"]
[Black "Gaponenko, Inna"]
[Result "0-1"]
[WhiteElo "2330"]
[BlackElo "2455"]
[PlyCount "52"]
[EventDate "2011.05.07"]
[EventType "swiss"]
[EventRounds "11"]
[EventCountry "GEO"]
[Source "lmi"]
[SourceDate "2011.05.07"]

1. e4 c5 2. Nf3 g6 3. d4 cxd4 4. Qxd4 Nf6 5. e5 Nc6 6. Qa4 Nd5 7. Qe4 Ndb4 8.
c3 d5 9. Qe2 Na6 10. Qe3 Nc7 11. Bd3 Bg7 12. O-O O-O 13. Nbd2 f6 14. exf6 Bxf6
15. h4 e5 16. Ng5 Bf5 17. Nb3 h6 18. Nh3 Bg7 19. Qg3 Kh7 20. Rd1 Qe7 21. Be3 b6
22. Be2 Bf6 23. h5 g5 24. Bg4 Qe6 25. f3 Rf7 26. Nf2 Bg7 0-1

[Event "Campeonato de Europa 2011 Femenino"]
[Site "Tbilisi GEO"]
[Date "2011.05.16"]
[Round "9.23"]
[White "Khukhashvili, Sopiko"]
[Black "Khurtsilava, Inga"]
[Result "1-0"]
[WhiteElo "2421"]
[BlackElo "2286"]
[PlyCount "107"]
[EventDate "2011.05.07"]
[EventType "swiss"]
[EventRounds "11"]
[EventCountry "GEO"]
[Source "lmi"]
[SourceDate "2011.05.07"]

1. e4 c6 2. Ne2 d5 3. e5 Qb6 4. d4 Na6 5. Ng3 g6 6. c3 h5 7. h4 Nh6 8. Bd3 Nf5
9. Bxf5 Bxf5 10. Nxf5 gxf5 11. O-O e6 12. Nd2 c5 13. Nf3 cxd4 14. cxd4 Nb4 15.
Bg5 Be7 16. Qd2 Nc6 17. Bxe7 Kxe7 18. Rfd1 Rag8 19. Ng5 Rc8 20. b4 a5 21. a3
axb4 22. axb4 Ra8 23. Rab1 Ra4 24. Nf3 Kd7 25. b5 Na5 26. Qc2 Rc4 27. Qa2 Rcc8
28. Ng5 Ke8 29. Qa3 Nc4 30. Qb3 Rh6 31. Ra1 f6 32. exf6 Rxf6 33. Qf3 Rh6 34.
Nh3 Nd6 35. Qg3 Kf8 36. Rac1 Re8 37. Nf4 Kf7 38. Nd3 Rh7 39. Ne5+ Kf8 40. Qg6
Ree7 41. Qf6+ Kg8 42. Rd3 Rhg7 43. Rg3 Kh7 44. Rxg7+ Rxg7 45. Qxe6 Qd8 46. Nf3
Rg6 47. Qxd5 Kh6 48. Qe5 Qf6 49. Qf4+ Kh7 50. Ng5+ Kh8 51. Rc7 Rg7 52. b6 Re7
53. Rxe7 Qxe7 54. Qxd6 1-0

[Event "Campeonato de Europa 2011 Femenino"]
[Site "Tbilisi GEO"]
[Date "2011.05.16"]
[Round "9.28"]
[White "Yildiz, Betul Cemre"]
[Black "Sharevich, Anna"]
[Result "1/2-1/2"]
[WhiteElo "2219"]
[BlackElo "2378"]
[PlyCount "115"]
[EventDate "2011.05.07"]
[EventType "swiss"]
[EventRounds "11"]
[EventCountry "GEO"]
[Source "lmi"]
[SourceDate "2011.05.07"]

1. e4 c5 2. Nf3 e6 3. d4 cxd4 4. Nxd4 a6 5. c4 Nf6 6. Nc3 Qc7 7. a3 b6 8. Be3
Bb7 9. f3 Nc6 10. Be2 Nxd4 11. Bxd4 Bd6 12. Na4 Bxh2 13. Bxb6 Bg3+ 14. Kf1 Qf4
15. Qc1 Qe5 16. Qe3 Bf4 17. Qc5 Bc6 18. Nc3 Qxc5 19. Bxc5 Be5 20. Rc1 g6 21.
Kf2 d6 22. Be3 Nh5 23. Rhd1 f5 24. exf5 gxf5 25. b4 f4 26. Bd4 Bxd4+ 27. Rxd4
Ke7 28. a4 a5 29. b5 Bb7 30. Rcd1 Rad8 31. Ne4 Bxe4 32. Rxe4 Rc8 33. Red4 Rhd8
34. Rb1 e5 35. Rdd1 Nf6 36. b6 Nd7 37. Rh1 Rh8 38. Rb5 h5 39. Rhb1 Rc5 40. g3
fxg3+ 41. Kxg3 Rb8 42. b7 Rxb5 43. Rxb5 Nc5 44. Rxa5 Rxb7 45. Rb5 Ra7 46. a5
Ne6 47. Bd3 Nc7 48. Rb8 Rxa5 49. Rh8 Ne6 50. Rxh5 Nf4 51. Rh7+ Kf6 52. Be4 Ra2
53. Rb7 Kg5 54. Rg7+ Kf6 55. Rb7 Rd2 56. Rc7 Ne6 57. Rh7 Nf4 58. Rc7 1/2-1/2

[Event "Campeonato de Europa 2011 Femenino"]
[Site "Tbilisi GEO"]
[Date "2011.05.16"]
[Round "9.29"]
[White "Daulyte, Deimante"]
[Black "Lomineishvili, Maia"]
[Result "0-1"]
[WhiteElo "2306"]
[BlackElo "2376"]
[PlyCount "92"]
[EventDate "2011.05.07"]
[EventType "swiss"]
[EventRounds "11"]
[EventCountry "GEO"]
[Source "lmi"]
[SourceDate "2011.05.07"]

1. e4 c5 2. Nf3 d6 3. d4 cxd4 4. Nxd4 Nf6 5. Nc3 Nc6 6. Bc4 e6 7. Be3 a6 8. Bb3
Qc7 9. Qe2 Na5 10. O-O-O b5 11. f3 Be7 12. g4 Nxb3+ 13. axb3 b4 14. Na4 Nd7 15.
Kb1 Nc5 16. h4 Bd7 17. Bg5 Bxa4 18. bxa4 Nxa4 19. Bxe7 Kxe7 20. h5 Rhb8 21. Qe3
Nc3+ 22. Kc1 Nxd1 23. Qg5+ Kd7 24. Rxd1 Rg8 25. h6 f6 26. Qe3 Rac8 27. Rd2 g5
28. f4 gxf4 29. Qxf4 Rg6 30. Nf3 Ke7 31. Nh4 Rg5 32. Rf2 Rf8 33. Nf3 Ra5 34.
Kb1 Qc4 35. Qe3 Rc8 36. g5 Qa2+ 37. Kc1 Qa1+ 38. Kd2 Qxb2 39. gxf6+ Kf8 40. Nd4
Qc3+ 41. Qxc3 bxc3+ 42. Kd3 Kf7 43. Rg2 Kxf6 44. Rg7 Rh5 45. Rxh7 Rh3+ 46. Ke2
Rc4 0-1

[Event "Campeonato de Europa 2011 Femenino"]
[Site "Tbilisi GEO"]
[Date "2011.05.16"]
[Round "9.30"]
[White "Charkhalashvili, Inga"]
[Black "Cherednichenko, Svetlana"]
[Result "1-0"]
[WhiteElo "2373"]
[BlackElo "2297"]
[PlyCount "103"]
[EventDate "2011.05.07"]
[EventType "swiss"]
[EventRounds "11"]
[EventCountry "GEO"]
[Source "lmi"]
[SourceDate "2011.05.07"]

1. d4 d6 2. c4 f5 3. Nc3 Nf6 4. g3 g6 5. Bg2 Bg7 6. Nf3 O-O 7. O-O Nc6 8. d5
Ne5 9. Nxe5 dxe5 10. e4 e6 11. Bg5 h6 12. Be3 Qe7 13. h3 g5 14. Na4 Rd8 15. Bc5
Qe8 16. Nc3 b6 17. Ba3 f4 18. Qb3 g4 19. h4 f3 20. Bh1 Bf8 21. Nb5 Qf7 22. Bxf8
Rxf8 23. Qe3 a6 24. Nc3 Qg6 25. Rfd1 Re8 26. a4 a5 27. Nb5 Re7 28. d6 cxd6 29.
Rxd6 Bb7 30. Rxb6 Nxe4 31. Re1 Rd8 32. c5 Nd2 33. Rd6 Rxd6 34. cxd6 Nc4 35. Qc5
Nxd6 36. Qxd6 Qg7 37. Nc3 Qf7 38. Qxe5 Re8 39. h5 Qg7 40. Qxa5 e5 41. Qb5 Kf8
42. a5 Ba8 43. Nd1 Qg5 44. Ne3 e4 45. Qxg5 hxg5 46. Nxg4 Rb8 47. h6 Kf7 48.
Ne5+ Kg8 49. Nd7 Rxb2 50. Bxf3 exf3 51. Re8+ Kh7 52. Rxa8 1-0

[Event "Campeonato de Europa 2011 Femenino"]
[Site "Tbilisi GEO"]
[Date "2011.05.16"]
[Round "9.31"]
[White "Krivec, Jana"]
[Black "Rogule, Laura"]
[Result "1/2-1/2"]
[WhiteElo "2296"]
[BlackElo "2362"]
[PlyCount "70"]
[EventDate "2011.05.07"]
[EventType "swiss"]
[EventRounds "11"]
[EventCountry "GEO"]
[Source "lmi"]
[SourceDate "2011.05.07"]

1. e4 c5 2. c3 d5 3. exd5 Qxd5 4. d4 cxd4 5. cxd4 Nc6 6. Be3 e5 7. Nc3 Bb4 8.
dxe5 Qxe5 9. Rc1 Nf6 10. Nf3 Qe7 11. Be2 Ne4 12. O-O Nxc3 13. bxc3 Ba3 14. Rc2
O-O 15. Rd2 Bf5 16. Nd4 Nxd4 17. Bxd4 Bc5 18. Bxc5 Qxc5 19. Rd5 Qc8 20. Qd4 Qe6
21. Bf3 Rfe8 22. Rd6 Qe7 23. h3 Rac8 24. Rd1 b6 25. Bc6 Rf8 26. Bd7 Bxd7 27.
Rxd7 Qa3 28. Qd6 Qxa2 29. Qe7 Rce8 30. Rxa7 Qc2 31. Qd6 g6 32. Rf1 Re6 33. Qd4
Rc6 34. Rb7 Qb3 35. Re1 b5 1/2-1/2

[Event "Campeonato de Europa 2011 Femenino"]
[Site "Tbilisi GEO"]
[Date "2011.05.16"]
[Round "9.33"]
[White "Aginian, Nelly"]
[Black "Mikadze, Miranda"]
[Result "1-0"]
[WhiteElo "2284"]
[BlackElo "2351"]
[PlyCount "57"]
[EventDate "2011.05.07"]
[EventType "swiss"]
[EventRounds "11"]
[EventCountry "GEO"]
[Source "lmi"]
[SourceDate "2011.05.07"]

1. e4 c6 2. d4 d5 3. Nc3 dxe4 4. Nxe4 Nf6 5. Nxf6+ gxf6 6. c3 Qd5 7. Qf3 Bf5 8.
Bf4 Be4 9. Qg3 Nd7 10. f3 Bf5 11. Ne2 e5 12. Be3 O-O-O 13. Qh4 Qb5 14. b3 Qd3
15. Kf2 Qc2 16. g4 Bd3 17. Rc1 Qxa2 18. Rd1 e4 19. Rd2 Qxb3 20. Nc1 Qxc3 21.
Nxd3 exd3 22. Bxd3 h5 23. Bf5 Bh6 24. Bxh6 Rxh6 25. Rhd1 Qa5 26. d5 c5 27. gxh5
Rdh8 28. Qg4 Rxh5 29. Bxd7+ 1-0

[Event "Campeonato de Europa 2011 Femenino"]
[Site "Tbilisi GEO"]
[Date "2011.05.16"]
[Round "9.36"]
[White "Olsarova, Tereza"]
[Black "Stojanovic, Andjelija"]
[Result "1-0"]
[WhiteElo "2234"]
[BlackElo "2326"]
[PlyCount "67"]
[EventDate "2011.05.07"]
[EventType "swiss"]
[EventRounds "11"]
[EventCountry "GEO"]
[Source "lmi"]
[SourceDate "2011.05.07"]

1. e4 c5 2. Nf3 d6 3. d4 cxd4 4. Nxd4 Nf6 5. Nc3 Nc6 6. h3 g6 7. g4 Bg7 8. Be3
O-O 9. Bg2 Bd7 10. O-O a6 11. Qe1 h5 12. g5 Nh7 13. Nf3 Be6 14. Rd1 Bc4 15. Ne2
Bxb2 16. Rb1 Bg7 17. Rxb7 Qa5 18. Nd2 Bxa2 19. f4 Rab8 20. Rxb8 Rxb8 21. Qf2
Nb4 22. Nb3 Bxb3 23. cxb3 Nd3 24. Qg3 Rxb3 25. f5 Ne5 26. Nd4 Rxe3 27. Qxe3 Qc5
28. f6 exf6 29. Rc1 Qb6 30. Rc8+ Nf8 31. gxf6 Bxf6 32. Rxf8+ Kh7 33. Kh2 Kg7
34. Ne6+ 1-0

[Event "Campeonato de Europa 2011 Femenino"]
[Site "Tbilisi GEO"]
[Date "2011.05.16"]
[Round "9.37"]
[White "Gavasheli, Ana"]
[Black "Kachiani-Gersinska, Ketino"]
[Result "0-1"]
[WhiteElo "2160"]
[BlackElo "2309"]
[PlyCount "120"]
[EventDate "2011.05.07"]
[EventType "swiss"]
[EventRounds "11"]
[EventCountry "GEO"]
[Source "lmi"]
[SourceDate "2011.05.07"]

1. c4 e5 2. g3 f5 3. Bg2 Nf6 4. Nc3 Nc6 5. e3 d5 6. cxd5 Nb4 7. d3 Nfxd5 8.
Nxd5 Nxd5 9. Nf3 Bd6 10. O-O Nf6 11. e4 fxe4 12. dxe4 O-O 13. Qc2 Kh8 14. b3
Bg4 15. Bb2 Bxf3 16. Bxf3 Qe7 17. Rad1 a5 18. Rd3 a4 19. bxa4 Nd7 20. Bg2 Nc5
21. Rd5 Nxa4 22. Ba1 Nb6 23. Rd2 Nd7 24. Rfd1 Nf6 25. f3 Bb4 26. Rd3 Qc5+ 27.
Qxc5 Bxc5+ 28. Kh1 Bd6 29. R3d2 Nd7 30. Rc1 Ra3 31. Rc3 Ra5 32. Bh3 Nf6 33.
Rcd3 Re8 34. Rc2 Kg8 35. Bf1 Kf8 36. Rb3 Rea8 37. Rxb7 Rxa2 38. Rxa2 Rxa2 39.
Bb2 Ra4 40. Bd3 Nd7 41. Bb5 Rb4 42. Bc6 Nb6 43. Rb8+ Ke7 44. Re8+ Kf6 45. Bxe5+
Bxe5 46. f4 Bd4 47. e5+ Kf7 48. e6+ Kf6 49. g4 Bc5 50. g5+ Kf5 51. e7 Kg4 52.
Kg2 Rxf4 53. h3+ Kh4 54. Bf3 Kxg5 55. Rg8 Bxe7 56. Rxg7+ Kf6 57. Rxh7 Nc4 58.
Kg3 Bd6 59. Kg2 Ne3+ 60. Kf2 Nf5 0-1

[Event "Campeonato de Europa 2011 Femenino"]
[Site "Tbilisi GEO"]
[Date "2011.05.16"]
[Round "9.39"]
[White "Semenova, Elena"]
[Black "Houska, Jovanka"]
[Result "0-1"]
[WhiteElo "2188"]
[BlackElo "2429"]
[PlyCount "74"]
[EventDate "2011.05.07"]
[EventType "swiss"]
[EventRounds "11"]
[EventCountry "GEO"]
[Source "lmi"]
[SourceDate "2011.05.07"]

1. d4 d5 2. c4 c6 3. Nf3 Nf6 4. cxd5 cxd5 5. Nc3 Nc6 6. Bf4 a6 7. Ne5 Bd7 8. e3
e6 9. Bd3 Be7 10. O-O O-O 11. Rc1 Rc8 12. a3 Be8 13. Qf3 Nxe5 14. dxe5 Nd7 15.
e4 d4 16. Ne2 Nc5 17. Bb1 Ba4 18. b4 d3 19. Nc3 d2 20. Bxd2 Qxd2 21. bxc5 Rxc5
22. Na2 Rfc8 23. Rxc5 Rxc5 24. h3 h6 25. Kh1 a5 26. Qg3 Bc2 27. Qe3 Qxe3 28.
fxe3 Bxb1 29. Rxb1 Rc2 30. Nc1 Bxa3 31. Nb3 a4 32. Nd4 Rc1+ 33. Rxc1 Bxc1 34.
Nc2 b5 35. Kg1 a3 36. Nb4 Bd2 37. Na2 b4 0-1

[Event "Campeonato de Europa 2011 Femenino"]
[Site "Tbilisi GEO"]
[Date "2011.05.16"]
[Round "9.41"]
[White "Jalabadze, Natia"]
[Black "Mamedjarova, Zeinab"]
[Result "0-1"]
[WhiteElo "2052"]
[BlackElo "2342"]
[PlyCount "66"]
[EventDate "2011.05.07"]
[EventType "swiss"]
[EventRounds "11"]
[EventCountry "GEO"]
[Source "lmi"]
[SourceDate "2011.05.07"]

1. e4 e5 2. Nf3 Nc6 3. Bb5 a6 4. Ba4 Nf6 5. d3 d6 6. O-O g6 7. c3 b5 8. Bb3 Bg7
9. h3 O-O 10. Be3 h6 11. Nbd2 d5 12. a4 Rb8 13. axb5 axb5 14. Qc2 g5 15. Rfc1
Be6 16. Ra6 Qd7 17. Nf1 Nh5 18. Bc5 Rfe8 19. Ne3 Nf4 20. c4 bxc4 21. dxc4 dxe4
22. Ba4 exf3 23. Bxc6 Qc8 24. Rca1 Bd7 25. Bxf3 e4 26. Bxe4 Rxb2 27. Qd1 Ne2+
28. Kh1 Nc3 29. Bh7+ Kxh7 30. Qd3+ Kg8 31. Ra8 Ne4 32. Qd5 Rb8 33. Rxb8 Qxb8
0-1